000
00312nam a2200145Ia 4500
100
_a
Mueller / john
942
_c
BK
654
_a
clipper 5.0
245
_a
Illustrated clipper 5.0
260
_b
BPB Publication
_a
New Delhi
_c
1991
082
_a
1.642
_b
MUE
300
_a
495
546
_a
ENGLISH
999
_c
21350
_d
21350